000 03109nam a2200361 4500
003 EC-UNACH
005 20260323154643.0
006 s||||gr|||| 00| 00
008 150116t9999 mx r gr 000 0 spa d
020 _a978-9942-615-03-9
040 _aEC-UNACH
_cEC-UNACH
041 _aspa
082 0 4 _223
_a617.6
_bL015103
100 _aTenelanda López, Dennys Vladimir / Costales Lara, Mauro Ramiro / Guzman Carrasco, Cristian David / Escudero Orozco, Gloria Isabel
245 _aGeneral dentistry: Esp. for dental students and professionals.
250 _aFirst Edition
264 _aRiobamba - Ecuador
_bUniversidad Nacional de Chimborazo
_c2022
264 _bProducción UNACH
300 _a212 pages
_bgrafic
500 _aNowadays, professionals of different areas must face the current challenges of a globalized world, thus, communicating in the English language has become as important as their major related abilities. English for Specific Purposes (ESP) is an approach to the education of English orientated for specific scientific, medical, technological, economic and academic areas. The ESP aims to satisfy both inside and outside the classroom needs of students who, beyond the learning of the language indeed, require talking about specific topics in certain professional fields. (Hall, 2014). Most of meaningful academic information about Dentistry issues is published in the English language such as: journals, books, scientific websites, and others. It is really important for general and specialized dentist to handle this information in this foreign language in order to reinforce their knowledge and learn about the new tendencies in the dental area. So, mastering the writing, listening, reading, and speaking skills will let them develop all their abilities to participate in academic events, publish papers and books in the English language. This book is a new educational didactic resource for dental students and professionals who want to improve their English communication skills in a work environment. It includes career-specific vocabulary and contexts. Each chapter provides opportunities for learners to understand some basic aspects about ESP and also talk about common oral pathologies in the English practicing the four language skills in an interactive form. The central goal is to help students in the complex business of learning English for specific purposes.
501 _aIndex of contents, Index of figures.
505 _aEnglish for specific purposes.-- Proficiency in english for specific purposes linked to dentistry - related training.-- Esp activities.-- Teacher Guidelines.
650 _aDentistry
650 _aPrevention
650 _aMaxillofacial pathologies
650 _aTeacher guidelines
856 _uhttps://editorial.unach.edu.ec/index.php/Editorial/catalog/book/63
_yDigital book - General dentistry: Esp. for dental students and professionals.
942 _2ddc
_cEBOOK
999 _c11615